000 00550nam a2200205Ia 4500
005 20250508165308.0
008 008 250505s9999 xx 000 0 eng d
020 _a0-14-030912-3
037 _aTextual
040 _aFEDL
_beng
_cFEDL
041 _aeng
_2eng
084 _a808.068 3, MAT
_qFEDL
100 _aMatthews L S
_9780428
245 0 _aDog for life
260 _aLondon, UK
_bHodder Children's Books
_c2006
300 _a201p.
365 _aGBP
_b5.99
942 _cTEXL
_h808.068 3, MAT
999 _c1394259
_d1394259